000 01203nam0a22002771i 4500
001 rc\2177768
005 20240726023855.0
035 _a(NLR Aleph) 006607556
090 _a7314265
_c7314265
100 _a20110829d1978 |||y0rusy50 ca
101 0 _arus
102 _aRU
105 _ay d |||||
200 1 _aСовершенствование управления незавершенным производством
_e(На прим. предприятий и произв. об-ний серийного машиностроения)
_eАвтореф. дис. на соиск. учен. степ. канд. экон. наук
_e(08.00.05)
_fЛенингр. фин.-экон. ин-т им. Н.А. Вознесенского
210 _aЛенинград
_d1978
215 _a18 с.
_cграф.
320 _aСписок работ авт.: с. 18 (5 назв.)
700 1 _aИльдеменов
_bС.В.
_gСергей Валентинович
801 1 _aRU
_bELAR
_2rusmarc
801 0 _aRU
_bNLR
_gpsbo
852 _aNLR
_j79-4/9798
899 _aRuMoRGB
_jДр 373/434
899 _aRuMoRGB
_jДр 372/2423
899 _aRuMoRGB
_jДр 373/433
899 _aRuMoRGB
_jДр 372/2424
942 _cBOOK